000
00300nam a2200145Ia 4500
100
_a
Karunakaran/V
942
_c
BK
654
_a
complex analysis
245
_a
Complex Analysis
260
_b
Narosa
_a
New Delhi
_c
2003
082
_a
515.7
_b
KAR
300
_a
408
546
_a
ENGLISH
999
_c
26090
_d
26090